|
|
|
|
| LEADER |
02720nam a2200721 i 4500 |
| 001 |
nkc20213304849 |
| 003 |
CZ PrNK |
| 005 |
20210415171626.0 |
| 007 |
ta |
| 008 |
210129s2020 xr ac e 000 0dcze |
| 015 |
|
|
|a cnb003304849
|
| 020 |
|
|
|a 978-80-906848-5-0
|q (brožováno)
|z 978-80-906848-4-3
|
| 035 |
|
|
|a (OCoLC)1245648303
|
| 040 |
|
|
|a ABA001
|b cze
|e rda
|
| 043 |
|
|
|a e-xr---
|b e-xr-st
|2 czenas
|
| 045 |
|
|
|a x4x9
|
| 072 |
|
7 |
|a 82
|x Literatura. Literární život
|2 Konspekt
|9 11
|
| 080 |
|
|
|a 728.82
|2 MRF
|
| 080 |
|
|
|a 821.162.3-051
|2 MRF
|
| 080 |
|
|
|a 82-027.22
|2 MRF
|
| 080 |
|
|
|a 316.72/.75-027.22
|2 MRF
|
| 080 |
|
|
|a (437.312)
|2 MRF
|
| 080 |
|
|
|a (048.8)
|2 MRF
|
| 080 |
|
|
|a (093.3)
|2 MRF
|
| 100 |
1 |
|
|a Kadlec, Petr,
|d 1979-
|7 pna2010580729
|4 aut
|4 com
|
| 245 |
1 |
0 |
|a Dvakrát ukradený Dobříš :
|b zámek plný spisovatelů : 1945-1998 /
|c sepsal a sestavil Petr Kadlec
|
| 246 |
1 |
4 |
|a Zámek plný spisovatelů
|
| 250 |
|
|
|a První vydání
|
| 264 |
|
1 |
|a Dobříš :
|b KK,
|c 2020
|
| 300 |
|
|
|a 196 stran :
|b ilustrace, portréty ;
|c 21 cm
|
| 336 |
|
|
|a text
|b txt
|2 rdacontent
|
| 337 |
|
|
|a bez média
|b n
|2 rdamedia
|
| 338 |
|
|
|a svazek
|b nc
|2 rdacarrier
|
| 500 |
|
|
|a Vydáno ve spolupráci se zámkem Dobříš
|
| 504 |
|
|
|a Obsahuje bibliografii a bibliografické odkazy
|
| 610 |
2 |
7 |
|a Dobříš (zámek)
|7 ko2002101776
|2 czenas
|
| 610 |
2 |
7 |
|a Syndikát českých spisovatelů
|7 xx0030567
|2 czenas
|
| 610 |
2 |
7 |
|a Svaz československých spisovatelů
|7 olak2002158684
|2 czenas
|
| 610 |
2 |
7 |
|a Svaz českých spisovatelů
|7 ko2003165321
|2 czenas
|
| 610 |
2 |
7 |
|a Český literární fond (organizace)
|7 ko2003183641
|2 czenas
|
| 648 |
|
7 |
|a 20. století
|7 ch460558
|2 czenas
|
| 648 |
|
4 |
|a 1945-1998
|
| 650 |
0 |
7 |
|a zámky
|7 ph127734
|z Česko
|2 czenas
|
| 650 |
0 |
7 |
|a čeští spisovatelé
|7 ph128175
|y 20. století
|2 czenas
|
| 650 |
0 |
7 |
|a literární život
|7 ph122405
|z Česko
|y 20. století
|2 czenas
|
| 650 |
0 |
7 |
|a kulturní život
|7 ph122030
|z Česko
|y 20. století
|2 czenas
|
| 650 |
0 |
9 |
|a chateaux
|z Czechia
|2 eczenas
|
| 650 |
0 |
9 |
|a Czech authors
|y 20th century
|2 eczenas
|
| 650 |
0 |
9 |
|a literary life
|z Czechia
|y 20th century
|2 eczenas
|
| 650 |
0 |
9 |
|a cultural life
|z Czechia
|y 20th century
|2 eczenas
|
| 651 |
|
7 |
|a Dobříš (Česko)
|7 ge129027
|2 czenas
|
| 651 |
|
9 |
|a Dobříš (Czechia)
|2 eczenas
|
| 655 |
|
7 |
|a monografie
|7 fd132842
|2 czenas
|
| 655 |
|
7 |
|a vzpomínky
|7 fd133830
|2 czenas
|
| 655 |
|
9 |
|a monographs
|2 eczenas
|
| 655 |
|
9 |
|a reminiscences
|2 eczenas
|
| 910 |
2 |
|
|a BOA001
|b 2-1459.930
|
| 928 |
9 |
|
|a Knihy Kadlec
|
| 928 |
9 |
|
|a Zámek Dobříš
|
| 990 |
|
|
|a BK
|
| 995 |
|
|
|a 01
|
| 991 |
|
|
|b 202104
|c NOV
|
| 996 |
6 |
|
|b 2610858584
|c 2-1459.930
|l MZK
|r Sklad / do 1 hodiny
|n 0
|p p.v.
|w 001845211
|u 000010
|a 1
|e BOA001
|j MZK50
|s P
|